000 00880nam a2200265 i 4500
001 106154
003 ES-MaACL
005 20251108111407.0
007 t|
008 061003s1938 sp ||||1| spa d
080 _a929 Lorenzo, Anselmo
100 1 _aMontseny, Federica,
_d1905-1994
_9240807
245 1 0 _aAnselmo Lorenzo
_b: el hombre y la obra /
_cFederica Montseny.
260 _a[S.l.] :
_bEdiciones Españolas,
_c1938.
300 _a38 p., [7] h. de lám. ;
_c22 cm.
500 _aBiblioteca Juan Andrade.
500 _aPrecede al tit.: Los precursores.
600 1 4 _aLorenzo, Anselmo,
_d1841-1914
_9240499
650 7 _9170671
_aSindicalismo-
_zEspaña
650 4 _99778
_aAnarcosindicalismo
852 _aES-MaACL
_jAND-Fol-22
_bR.110407
942 _2udc
_cFOLLETOS
_n0
999 _c106154
_d106154